000 00458nam a2200157 i 4500
001 42906
003 ES-MaACL
005 20230906160711.0
007 t|
008 030314s1912 sp ||||1| spa d
100 1 _aCelis y Pujol, Luis.
_937364
245 1 0 _aDel origen y conducción de la excitación cardiaca
_b: tesis doctoral /
_cLuis Celis y Pujol.
260 _aMadrid :
_b[s.n.],
_c1912.
502 _aTesis doctoral.
852 _aES-MaACL
_jT-1365-F-2
999 _c42906
_d42906